Générique Spirou - Paroles - Statistiques

Statistiques générales
  • Ce quiz a été pris 6 fois
  • Le résultat moyen est 12 sur 17
Statistiques - réponses
Paroles % Correct
Et tout autour du {monde}
100%
Héros dans l'{âme}
100%
Même contre vents et {marées}
100%
{Spirou} !
100%
Héros dans l'{âme}
83%
Même contre vents et {marées}
83%
Savent que l'on {est}
83%
{Spirou} !
83%
Vivre à toute {allure}
83%
A traquer les {mauvais}
67%
Ceux qu'on {affronte}
67%
Prendre un pied d'{enfer} !
67%
Rêver d'aventures {extraordinaires} !
67%
Assez fou pour braver les {flammes}
33%
Assez fou pour braver les {flammes}
33%
Battant ! {Partant} !
17%
Battant ! {Partant} !
17%
Aucun quiz correspondant
Distribution des résultats
% des personnes avec chaque résultat
Percentile par nombre de réponses
Votre historique - résultats
Vous n’avez pas pris ce quiz